Komparation der europäischen Kultur mit der des Nahen Osten bakalárska práca
Saved in:
| Main Author: | |
|---|---|
| Corporate Author: | |
| Other Authors: | |
| Format: | Book |
| Language: | German |
| Published: |
Bratislava
2019
|
| Tags: |
No Tags, Be the first to tag this record!
|
MARC
| LEADER | 00000nbm a2200000 4500 | ||
|---|---|---|---|
| 001 | 0254706 | ||
| 005 | 20191111090228.0 | ||
| 041 | 0 | |a ger | |
| 044 | |a SK | ||
| 245 | 1 | 0 | |a Komparation der europäischen Kultur mit der des Nahen Osten |b bakalárska práca |c Viktor Jamil Salaima ; školiteľ: Milena Helmová |
| 264 | 1 | |a Bratislava |c 2019 | |
| 300 | |a 72 s. | ||
| 100 | 1 | |a Salaima, Viktor Jamil | |
| 700 | 1 | |a Helmová, Milena, 1954- | |
| 710 | 2 | |a Fakulta aplikovaných jazykov EU v Bratislave. Katedra interkultúrnej komunikácie | |